00869nam a22001817a 450000500170000000800410001702000180005808200200007610000220009624501040011826000260022230000310024850000190027965000160029899900170031495201780033195201780050920240731104947.0240731b |||||||| |||| 00| 0 eng d a9788131712917 a005.133bSED-A  aSedgewick, Robert aAlgorithms in C, Parts 1-4: bFundamentals, Data Structures, Sorting, Searching /cRobert Sedgewick ausa:bPearson;c1998. axiv,701 p. :bill;c24 cm. ainclude index. aProgramming c36245d36245 001040708Faculty of Computer Science and Information TechnologyaSIRC-GbSIRC-Gcprogrammingd2024-07-31l0o005.1333 SED-A 1998p16839r2024-07-31t1w2024-07-31yBKYBK 001040708Faculty of Computer Science and Information TechnologyaSIRC-GbSIRC-GcProgrammingd2024-08-05l0o005.1333 SED-A 1998p16842r2024-08-05t2w2024-08-05yBKYBK